000
00262nam a22001217a 4500
041
_a
ENG
100
_a
IS 11429
245
_a
Methods for Calibration of Sprayers
260
_a
Delhi
_b
BIS
_c
1985
300
_a
07
650
_a
BIS Test Code
856
_u
BIS Test Code
999
_c
2660
_d
2660